| 000 | 00963 a2200217 4500 | ||
|---|---|---|---|
| 003 | Nust | ||
| 005 | 20170207153215.0 | ||
| 010 | _a 72007089 | ||
| 020 | _a007049553x | ||
| 040 | _cNust | ||
| 082 | 0 | 0 | _a530 |
| 100 | 1 | _aBeiser, Arthur. | |
| 245 | 1 | 0 |
_aConcepts of modern physics. _cBeiser, Arthur. |
| 250 | _a6th ed. | ||
| 260 |
_aNew York, _bMcGraw-Hill _c[1973] |
||
| 300 |
_axi, 467 p. _billus. _c24 cm. |
||
| 490 | 0 | _aMcGraw-Hill series in fundamentals of physics | |
| 505 | _aRelativity (Page-1) Particle Properties of Waves (Page-52) Waves Properties of Particles (Page-92) Atomic Structure (Page-119) Quantum Mechanics (Page-160) Quantum Theory of the Hydrogen Atom (Page-200) Many-Electron Atoms (Page-228) Molecules (Page-266) Statistical Mechanics (Page-) The Solid State (Page-296) Nuclear Structure (Page-335) Nuclear Transformations (Page-387) Elementary Particles (Page-474) | ||
| 538 | _aAlmirah No. 15 Shelf No. 1 | ||
| 650 | 0 | _aPhysics. | |
| 942 |
_2ddc _cBK |
||
| 999 |
_c181570 _d181570 |
||